000 00618nam a2200229Ia 4500
003 OSt
005 20220923230343.0
006 a|||||r|||| 00| 0
007 ta
008 Pun
024 _a279,729
037 _cTextual
040 _aARTS
_cARTS
_bPun
041 _2Pun
_aPun
082 _aO153,1NMUx, M8
100 _aਮੁਕਤ, ਰਘਬੀਰ ਸਿੰਘ
_9156315
245 0 _aਸੂਝ ਦਾ ਚਾਨਣ
260 _c1988
650 _aਪੰਜਾਬੀ ਸਾਹਿਤ
942 _hO153,1NMUx, M8
_cTEXL
_2CC
999 _c384196
_d384196